Didáctica de la escritura a partir de los movimientos básicos: aprendizaje inicial correctivo y antidisgráfico
Gorde:
| Egile nagusia: | |
|---|---|
| Formatua: | Liburua |
| Hizkuntza: | gaztelania |
| Argitaratua: |
Madrid
Ciencias de la Educación Preescolar y Especial
1981
|
| Saila: | Colección Educación Preescolar
|
| Gaiak: | |
| Etiketak: |
Etiketa erantsi
Etiketarik gabe, Izan zaitez lehena erregistro honi etiketa jartzen!
|
MARC
| LEADER | 00000nam a2200000 a 4500 | ||
|---|---|---|---|
| 001 | UCZ7556 | ||
| 003 | CL-VaPUC | ||
| 008 | 960105e19810000SP |||||||||||||||||spa|d | ||
| 082 | 0 | 4 | |a 371.914 |b PER |2 21 |
| 100 | 0 | |a Pérez Orts, José |e author |9 352514 | |
| 245 | 1 | 0 | |a Didáctica de la escritura a partir de los movimientos básicos: aprendizaje inicial correctivo y antidisgráfico |
| 300 | |a 31 p | ||
| 942 | |c BK | ||
| 945 | |d 19960105 00:00:00 |a cmena | ||
| 260 | |a Madrid |b Ciencias de la Educación Preescolar y Especial |c 1981 | ||
| 650 | 0 | |a Enseñanza de la escritura |9 307377 | |
| 650 | 0 | |a Métodos de enseñanza |9 270413 | |
| 650 | 0 | |a Educación básica |9 224933 | |
| 650 | 0 | |a Alfabetización |9 310435 | |
| 583 | |a last modification |c 19960105 00:00:00 |k Rodrigo Vera | ||
| 490 | 0 | |a Colección Educación Preescolar | |
| 999 | |c 243612 |d 243610 | ||
| 952 | |0 0 |1 0 |4 0 |6 371_914000000000000_PER_1981 |7 0 |8 P |9 257315 |a BIBEDU |b BIBEDU |c BIBEDU_PB |d 2019-11-19 |i 1611704 |o 371.914 PER 1981 |p 1611704 |r 2024-01-25 |w 2019-11-19 |y BK |k EDU | ||